1784 1873 1903 1459 1954 1638 1145 1016 1673 1301 1893 1465 1949 1006 1764 1064 1006 1109 1902 1484 1501 1578 1198 1817 1111 1542 1681 1461 1567 1274 1074 1879 1276 1990 1556 1032 1597 1704 1204 1667 1639 1319 1215 1949 1248 1113 1563 1404 1980 1016 1868 1593 1660 1259 1817 1180 1135 1776 1280 1133 1948 1851 1239 1349 1649 1755 1415 1981 1644 1939 1167 1916 1618 1653 1415 1426 1033 1874 1532 1492 1588 1697 1594 1077 1919 1698 1134 1387 1305 1650 1827 1083 1353 1133 1179 1064 1872 1771 1440 BCNSPRNW ULIB Ver.6.0+V

เปลี่ยนเป็นภาษาไทย

Change to English
 แสดงรายละเอียดบรรณานุกรม
  กลับหน้าหลัก

Brief Record : Get Marc (ISO 2709) : E-mail record : QR code < ปิดหน้าต่าง
LEADER : 00000nam 2200000uu 4500
001    13399122881
003     ULIB
008    131024s2011||||th 000 0 eng d
020    ^a1605472093 (spiral-bound) ^c^68.99
020    ^a9781605472096 (spiral-bound)
060  4 WY159^bB693p
100 1  ^aVicky R. Bowden
245 10 ^aPediatric nursing procedures / ^cVicky R. Bowden and Cindy Smith Greenberg.
250    ^aThird ed.
260    ^a[S.l.] : ^bLippincott Williams & Wilkins, ^c2011.
300    ^a822 p. ; ^c28 cm.
520    ^aThis pediatric procedures book provides the student and professional nurse with a quick reference to essential nursing procedures and standards for practice. Its format is easily adaptable to organizational policy and procedure manuals. Chapters are alphabetically presented by procedure and contain clinical guidelines for practice. Tables and charts summarize key diagnostic information or parameters.
700 1  ^aCPNP, Cindy Smith Greenberg DNSc RN
945    ^p0^l0^i034099
999    ^aเกษร โพธิ์สุวรรณ
รายการนี้ยังไม่มีแท็ก
คุณยังไม่ได้ล็อกอิน คุณสามารถมีกิจกรรมร่วมกับเว็บไซต์ได้ แต่ต้องล็อกอินก่อน ::
  ล็อกอิน

รายการสื่อสารสนเทศ

ลำดับที่ ประเภท เลขเรียก/บาร์โค้ด สถานที่ สถานะ
1. Book การพยาบาล
Book การพยาบาล
WY159 B693p  
  Barcode: 034099
ห้องสมุดวิทยาเขตสวรรค์ประชารักษ์
►หนังสือทั่วไป
บนชั้น

BibComment


ยังไม่เคยถูกคอมเมนท์

คอมเมนท์ทรัพยากรรายการนี้
  คอมเมนท์: Pediatric nursin..


 Copyright 2026. Bcnsprnw @Library